Geography Quiz

Random Geography or City Quiz

Tallest Skyscraper Cities Quiz Stats

Quiz Updated Feb 21, 2015

Challenge
Share
Tweet
Embed
Score 0/19 Timer 04:00
6 Plays Today
Buildings City % Correct
12New York
99.2%
6Chicago
89.8%
22Dubai
87.1%
2Los Angeles
78.5%
6Shanghai
76.5%
6Hong Kong
66%
6Moscow
59.8%
13Kuala Lumpur
51.1%
6Abu Dhabi
46.5%
2Houston
45%
Buildings City % Correct
4Riyadh
30.4%
10Guangzhou
26.1%
5Doha
23.1%
5Kuwait City
16.8%
14Shenzhen
11.4%
6Chongqing
9%
8Tianjin
8.8%
2Nanjing
6.9%
3Wuxi
1.9%

You're not logged in!

Compare scores with friends on all Sporcle quizzes.
Sign Up with Email
OR
Log In

You Might Also Like...

Show Comments

Extras

Top Quizzes Today


Score Distribution

Your Account Isn't Verified!

In order to create a playlist on Sporcle, you need to verify the email address you used during registration. Go to your Sporcle Settings to finish the process.